|
|
|
|
| LEADER |
00000nam0a2200000 4500 |
| 001 |
311962 |
| 005 |
20231102002434.0 |
| 020 |
|
|
|a RU
|b 80-47735ж
|
| 035 |
|
|
|a (RuTPU)RU\TPU\book\337329
|
| 090 |
|
|
|a 311962
|
| 100 |
|
|
|a 20151215a1979 km y0rusy5003 ca
|
| 101 |
0 |
|
|a rus
|
| 102 |
|
|
|a RU
|
| 105 |
|
|
|a a z 001zy
|
| 200 |
1 |
|
|a Трубопроводный транспорт нефти
|e труды
|f Всесоюзный научно-исследовательский институт по сбору, подготовке и транспорту нефти и нефтепродуктов (ВНИИСПТнефть) ; под ред. В. П. Свиридова
|
| 210 |
|
|
|a Уфа
|c Изд-во ВНИИСПТнефть
|d 1979
|
| 215 |
|
|
|a 152 с.
|c граф.
|
| 225 |
1 |
|
|a Труды ВНИИСПТнефти
|v Вып. 23
|
| 320 |
|
|
|a Библиография в конце статей
|
| 606 |
1 |
|
|a Трубопроводы магистральные
|x Технико-экономические показатели
|2 stltpush
|3 (RuTPU)RU\TPU\subj\61814
|9 78977
|
| 610 |
1 |
|
|a нефтепроводы магистральные
|
| 610 |
1 |
|
|a хранение
|
| 610 |
1 |
|
|a нефтепродукты
|
| 610 |
1 |
|
|a нефтяные ресурсы
|
| 610 |
1 |
|
|a автоматизированные системы управления
|
| 610 |
1 |
|
|a экономика
|
| 675 |
|
|
|a 622.692.4
|z rus
|v 3
|
| 702 |
|
1 |
|a Свиридов
|b В. П.
|4 340
|
| 712 |
0 |
2 |
|a Всесоюзный научно-исследовательский институт по сбору, подготовке и транспорту нефти и нефтепродуктов (ВНИИСПТнефть)
|c (Уфа)
|c (1970-1992)
|2 stltpush
|3 (RuTPU)RU\TPU\col\7482
|
| 801 |
|
0 |
|a RU
|b RuMRKP
|c 19950704
|g psbo
|
| 801 |
|
1 |
|a RU
|b 63413507
|c 20151215
|
| 801 |
|
2 |
|a RU
|b 63413507
|c 20181004
|g RCR
|
| 942 |
|
|
|c BK
|